<?xml version="1.0" encoding="UTF-8"?>
<collection xmlns="http://www.loc.gov/MARC21/slim">
 <record>
  <leader>02990cam a2200277 a 4500</leader>
  <controlfield tag="001">1/37834</controlfield>
  <controlfield tag="008">090707s2003    us            001 0 eng  </controlfield>
  <datafield tag="020" ind1=" " ind2=" ">
   <subfield code="a">9781558608924</subfield>
  </datafield>
  <datafield tag="020" ind1=" " ind2=" ">
   <subfield code="a">1558608923</subfield>
  </datafield>
  <datafield tag="035" ind1=" " ind2=" ">
   <subfield code="l">40449</subfield>
  </datafield>
  <datafield tag="040" ind1=" " ind2=" ">
   <subfield code="a">OPELS</subfield>
   <subfield code="b">eng</subfield>
   <subfield code="c">OPELS</subfield>
   <subfield code="d">OKU</subfield>
   <subfield code="d">OCLCQ</subfield>
   <subfield code="d">OCLCF</subfield>
   <subfield code="d">GR-PeUP</subfield>
  </datafield>
  <datafield tag="100" ind1="1" ind2=" ">
   <subfield code="a">Bean, James</subfield>
   <subfield code="q">(James D.)</subfield>
  </datafield>
  <datafield tag="245" ind1="1" ind2="0">
   <subfield code="a">Engineering global e-commerce sites</subfield>
   <subfield code="h">[electronic resource] :</subfield>
   <subfield code="b">a guide to data capture, content, and transactions /</subfield>
   <subfield code="c">James Bean ; foreword by Jorden Woods.</subfield>
  </datafield>
  <datafield tag="260" ind1=" " ind2=" ">
   <subfield code="a">San Francisco, Calif. :</subfield>
   <subfield code="b">Morgan Kaufmann ;</subfield>
   <subfield code="a">Oxford :</subfield>
   <subfield code="b">Elsevier Science,</subfield>
   <subfield code="c">2003.</subfield>
  </datafield>
  <datafield tag="300" ind1=" " ind2=" ">
   <subfield code="a">1 online resource (xv, 230 p.) :</subfield>
   <subfield code="b">ill.</subfield>
  </datafield>
  <datafield tag="504" ind1=" " ind2=" ">
   <subfield code="a">Includes bibliographical references (p. 205-209) and index.</subfield>
  </datafield>
  <datafield tag="505" ind1="0" ind2=" ">
   <subfield code="a">Global e-commerce and the Web -- Defining the terms global, regional, international, and local -- Global standards -- Globalized data and transactions -- Globalization process and techniques -- Transaction engineering -- Enterprise application integration -- The complexities of mobile e-commerce.</subfield>
  </datafield>
  <datafield tag="520" ind1=" " ind2=" ">
   <subfield code="a">&quot;This book is a boon to technology professionals who are responsible for global integration projects. Faced with the mind-boggling complexities of standardizing global data, global processes and global e-commerce, even the most experienced professionals are often at a loss. James Bean has created an extraordinary compilation of standards information, and provided his insight on how to resolve complex integration problems. This book will benefit IT community at large, and I would encourage both specialists and novices alike to bring this book into their personal libraries.&quot;--Arka Mukherjee, Ph. D., CEO, Global IDs Inc. A practitioner's guide to developing global e-commerce sites, focusing on the design and engineering of Web forms for global data collection and alignment with widely recognized international standards, XML structures, and XML vocabularies. The author describes the globalization problem, identifies common design errors, provides a representative scenario, and introduces effective solutions and techniques. Structured around a practical, &quot;real-world&quot; theme, this book is written for the hands-on practicioner in any mid- to large-sized company engaging in international ecommerce (B2C, B2B, etc.) * Presents effective techniques for flexible and extensible data capture * Provides techniques for using the most recognized international data standards and describes the synergies, value and importance of XML as a transaction definition medium * Only book on the subject written from a software engineering point of view.</subfield>
  </datafield>
  <datafield tag="650" ind1=" " ind2="4">
   <subfield code="a">Electronic commerce.</subfield>
  </datafield>
  <datafield tag="650" ind1=" " ind2="4">
   <subfield code="a">Web sites</subfield>
   <subfield code="x">Design.</subfield>
  </datafield>
  <datafield tag="650" ind1=" " ind2="4">
   <subfield code="a">XML (Document markup language)</subfield>
  </datafield>
  <datafield tag="655" ind1=" " ind2="4">
   <subfield code="a">Electronic books.</subfield>
  </datafield>
  <datafield tag="852" ind1=" " ind2=" ">
   <subfield code="a">INST</subfield>
   <subfield code="b">UNIPILB</subfield>
   <subfield code="c">EBOOKS</subfield>
   <subfield code="e">20100624</subfield>
   <subfield code="p">00b40449</subfield>
   <subfield code="q">00b40449</subfield>
   <subfield code="t">ONLINE</subfield>
   <subfield code="y">0</subfield>
  </datafield>
  <datafield tag="856" ind1="4" ind2="0">
   <subfield code="3">ScienceDirect</subfield>
   <subfield code="u">http://www.sciencedirect.com/science/book/9781558608924</subfield>
  </datafield>
  <datafield tag="856" ind1="4" ind2=" ">
   <subfield code="d">/webopac/covers/02/40449_9781558608924.jpg</subfield>
  </datafield>
  <datafield tag="856" ind1="4" ind2=" ">
   <subfield code="d">/webopac/covers/02/40449_1558608923.jpg</subfield>
  </datafield>
 </record>
</collection>
